| 000 | 00589nam a2200205Ia 4500 | ||
|---|---|---|---|
| 003 | GCL | ||
| 008 | 140319s9999 xx 000 0 ara d | ||
| 040 |
_aGCL / _cGCL |
||
| 082 | 0 | 4 |
_a953.77 _bط ع |
| 100 | 1 | _aطارق والى | |
| 245 | 1 | 0 |
_aعمران مدينة خليخسة: المحرق 1783 - 1971 / _cطارق والى |
| 260 |
_a[S.N] : _bمطبوعات بانوراما الخليج ، _c1990 |
||
| 300 | _a206 ص | ||
| 490 | _a | ||
| 650 | 0 | 4 | _aتاريخ |
| 650 | 0 | 4 | _aالخليج العربى |
| 650 | 0 | 4 | _aالبحرين |
| 650 | 0 | 4 | _aالمحرق |
| 942 |
_2ddc _cBK |
||
| 999 |
_c34070 _d34070 |
||